Sanat: "Kuningaskobra" - Arja Koriseva - Statistics

Yleistilastot
  • Tätä visaa on pelattu 97 kertaa
  • Keskiarvotulos 79 / 132
Vastaustilastot
Vastaus % Oikein
On
96%
on
96%
viidakko
96%
sen
93%
vain
93%
viidakon
93%
piilossa
91%
suojassa
88%
tuntee
88%
kobra
87%
raunion
87%
temppelin
85%
valtakunta
84%
silmälasikäärmeiden
82%
kuu
81%
viimeinen
81%
valkoinen
75%
kobrat
72%
tanssi
72%
Illan
71%
saa
71%
tullen
71%
saapuu
68%
huojuen
66%
kimaltelee
66%
nousee
66%
tanssimaan
66%
piilostaan
65%
Kun
63%
vanha
63%
kuulee
60%
pystyyn
60%
vanhin
60%
kantautuu
57%
soitto
56%
jo
53%
viidakosta
51%
aika
50%
alkaa
47%
Niin
46%
niin
46%
raunioilla
46%
kruunustaan
44%
luopua
44%
hiljainen
43%
kobrien
41%
kuninkaan
41%
nyt
41%
peittää
40%
marmoripaasilla
29%
nähnyt
26%
palatsin
25%
loiston
24%
tanssii
24%
kadoten
22%
kauas
21%
marmorin
19%
murenee
19%
kobrista
18%
myös
18%
pinta
18%
tullut
18%
kiven
16%
aarteiden
15%
kohottaa
15%
kruununsa
13%
kohti
12%
kultaisen
12%
kuuta
12%
loisteen
12%
mutta
12%
uuden
12%
voittaneet
12%
paadet
10%
Vartijana
10%
voimat
10%
Ehtoja vastaavia visoja ei löytynyt
Tulosjakauma
Jokaisen tuloksen saaneiden osuus
Persentiili vastausten määrän mukaan
Tuloshistoriasi
Et ole pelannut tätä visaa